[Event "Bundesliga 0001"]
[Site "Deutschland"]
[Date "2000.12.10"]
[Round "4.3"]
[White "Kotter, Ralf"]
[Black "Kengis, Edvins"]
[Result "0-1"]
[WhiteElo "2369"]
[BlackElo "2589"]
[PlyCount "77"]
[EventDate "2000.10.14"]
[EventType "team"]
[EventRounds "15"]
[EventCountry "GER"]
[SourceTitle "Bundesliga 0001"]
[Source "DeepChess"]
[SourceDate "2005.01.01"]
[SourceVersion "1"]
[SourceVersionDate "2005.01.01"]
[SourceQuality "1"]
[WhiteTeam "SC Hassel KS Gelsenkirchen"]
[BlackTeam "Godesberger SK 1929"]
[WhiteTeamCountry "GER"]
[BlackTeamCountry "GER"]

1. e4 c5 2. Nf3 e6 3. d4 cxd4 4. Nxd4 a6 5. Nc3 b5 6. Bd3 Qb6 7. Be3 Bc5 8. Qg4
Bxd4 9. e5 Nc6 10. Qxg7 Bxe5 11. Qxe5 Nxe5 12. Bxb6 Bb7 13. Bd4 f6 14. Ne4 Bxe4
15. Bxe4 d5 16. Bxe5 fxe5 17. Bd3 e4 18. Be2 Nf6 19. c3 Ke7 20. f3 exf3 21.
Bxf3 Rab8 22. a3 Nd7 23. O-O Ne5 24. Rae1 Kd6 25. Bh5 Rhf8 26. Bd1 Nc4 27. Re2
Rxf1+ 28. Kxf1 a5 29. Bb3 Rf8+ 30. Kg1 a4 31. Bd1 e5 32. h3 e4 33. Bc2 h6 34.
Bb1 Kc5 35. Ba2 Rf6 36. Bxc4 Kxc4 37. Rf2 Rxf2 38. Kxf2 Kd3 39. Ke1 0-1

[Event "Bundesliga 0001"]
[Site "Deutschland"]
[Date "2000.12.10"]
[Round "4.4"]
[White "David, Alberto"]
[Black "Meessen, Rudolf"]
[Result "1/2-1/2"]
[WhiteElo "2487"]
[BlackElo "2306"]
[PlyCount "31"]
[EventDate "2000.10.14"]
[EventType "team"]
[EventRounds "15"]
[EventCountry "GER"]
[SourceTitle "Bundesliga 0001"]
[Source "DeepChess"]
[SourceDate "2005.01.01"]
[SourceVersion "1"]
[SourceVersionDate "2005.01.01"]
[SourceQuality "1"]
[WhiteTeam "Godesberger SK 1929"]
[BlackTeam "SC Hassel KS Gelsenkirchen"]
[WhiteTeamCountry "GER"]
[BlackTeamCountry "GER"]

1. e4 e6 2. d4 d5 3. Nc3 Bb4 4. e5 c5 5. a3 Bxc3+ 6. bxc3 Qc7 7. Qg4 Ne7 8. Bd3
cxd4 9. Ne2 dxc3 10. Qxg7 Rg8 11. Qxh7 Nbc6 12. Bf4 Bd7 13. O-O O-O-O 14. Bg3
Nxe5 15. Nd4 Rde8 16. Rfe1 1/2-1/2

[Event "Bundesliga 0001"]
[Site "Deutschland"]
[Date "2000.12.10"]
[Round "4.5"]
[White "Baumhus, Reinhard"]
[Black "Kveinys, Aloyzas"]
[Result "0-1"]
[WhiteElo "2341"]
[BlackElo "2522"]
[PlyCount "68"]
[EventDate "2000.10.14"]
[EventType "team"]
[EventRounds "15"]
[EventCountry "GER"]
[SourceTitle "Bundesliga 0001"]
[Source "DeepChess"]
[SourceDate "2005.01.01"]
[SourceVersion "1"]
[SourceVersionDate "2005.01.01"]
[SourceQuality "1"]
[WhiteTeam "SC Hassel KS Gelsenkirchen"]
[BlackTeam "Godesberger SK 1929"]
[WhiteTeamCountry "GER"]
[BlackTeamCountry "GER"]

1. e4 c5 2. Nc3 e6 3. Nge2 a6 4. g3 b5 5. Bg2 Bb7 6. d3 d6 7. O-O Nc6 8. Be3
Nf6 9. h3 Be7 10. g4 Nd7 11. f4 h6 12. Qd2 Bf6 13. f5 b4 14. fxe6 fxe6 15. Nd1
O-O 16. Nf4 Qe8 17. Nh5 Qe7 18. c3 Nde5 19. Rc1 Bg5 20. Nf4 a5 21. b3 bxc3 22.
Rxc3 a4 23. Ne2 Rxf1+ 24. Kxf1 Qf7+ 25. Kg1 Nd4 26. Kh1 axb3 27. axb3 Ra1 28.
Nc1 Bxe3 29. Qxe3 Ba6 30. Qd2 Rxc1 31. Rxc1 Nxb3 32. Qa2 Nxc1 33. Qxa6 Qf8 34.
Nb2 Ne2 0-1

[Event "Bundesliga 0001"]
[Site "Deutschland"]
[Date "2000.12.10"]
[Round "4.6"]
[White "Langheinrich, Ferenc"]
[Black "Ahn, Martin"]
[Result "0-1"]
[WhiteElo "2384"]
[BlackElo "2265"]
[PlyCount "82"]
[EventDate "2000.10.14"]
[EventType "team"]
[EventRounds "15"]
[EventCountry "GER"]
[SourceTitle "Bundesliga 0001"]
[Source "DeepChess"]
[SourceDate "2005.01.01"]
[SourceVersion "1"]
[SourceVersionDate "2005.01.01"]
[SourceQuality "1"]
[WhiteTeam "Godesberger SK 1929"]
[BlackTeam "SC Hassel KS Gelsenkirchen"]
[WhiteTeamCountry "GER"]
[BlackTeamCountry "GER"]

1. e4 c5 2. Nf3 d6 3. d4 cxd4 4. Nxd4 Nf6 5. Nc3 g6 6. Be3 Bg7 7. f3 O-O 8. Qd2
Nc6 9. O-O-O d5 10. Qe1 e5 11. Nxc6 bxc6 12. exd5 Nxd5 13. Bc4 Be6 14. Ne4 Qc7
15. Bc5 Rfd8 16. g4 Nf4 17. Bd6 Rxd6 18. Nxd6 Bd5 19. Ne4 Bxc4 20. g5 Be2 21.
Rd2 Bxf3 22. Rf1 Ng2 23. Nf6+ Bxf6 24. Qg3 Bxg5 25. Qxg5 e4 26. h4 Nf4 27. Re1
Ne6 28. Qe3 Rd8 29. Rxd8+ Nxd8 30. h5 Ne6 31. h6 Qa5 32. Kb1 g5 33. a3 g4 34.
b4 Qb6 35. Qd2 Qd4 36. Qh2 e3 37. Qb8+ Nf8 38. a4 e2 39. a5 Qc3 40. Qf4 Qxe1+
41. Kb2 Qh4 0-1

[Event "Bundesliga 0001"]
[Site "Deutschland"]
[Date "2000.12.10"]
[Round "4.8"]
[White "Schmidt, Bodo"]
[Black "Orlov, Andrey"]
[Result "0-1"]
[WhiteElo "2368"]
[BlackElo "2367"]
[PlyCount "38"]
[EventDate "2000.10.14"]
[EventType "team"]
[EventRounds "15"]
[EventCountry "GER"]
[SourceTitle "Bundesliga 0001"]
[Source "DeepChess"]
[SourceDate "2005.01.01"]
[SourceVersion "1"]
[SourceVersionDate "2005.01.01"]
[SourceQuality "1"]
[WhiteTeam "Godesberger SK 1929"]
[BlackTeam "SC Hassel KS Gelsenkirchen"]
[WhiteTeamCountry "GER"]
[BlackTeamCountry "GER"]

1. d4 c5 2. c3 Nf6 3. dxc5 e6 4. b4 a5 5. Qb3 axb4 6. cxb4 b6 7. Bb2 bxc5 8. b5
d5 9. a4 Nbd7 10. Nd2 c4 11. Qc2 Bb4 12. Bc3 Qa5 13. Bxb4 Qxb4 14. e3 Nc5 15.
Rb1 Qxa4 16. Qc3 Nce4 17. Qb4 Qxb4 18. Rxb4 Nxd2 19. Kxd2 Ne4+ 0-1

[Event "Bundesliga 0001"]
[Site "Deutschland"]
[Date "2000.12.10"]
[Round "4.2"]
[White "Dorfman, Josif D"]
[Black "Ribli, Zoltan"]
[Result "1/2-1/2"]
[WhiteElo "2600"]
[BlackElo "2569"]
[PlyCount "25"]
[EventDate "2000.10.14"]
[EventType "team"]
[EventRounds "15"]
[EventCountry "GER"]
[SourceTitle "Bundesliga 0001"]
[Source "DeepChess"]
[SourceDate "2005.01.01"]
[SourceVersion "1"]
[SourceVersionDate "2005.01.01"]
[SourceQuality "1"]
[WhiteTeam "Hamburger SK 1830 e.V."]
[BlackTeam "TV Tegernsee"]
[WhiteTeamCountry "GER"]
[BlackTeamCountry "GER"]

1. d4 Nf6 2. c4 e6 3. Nc3 Bb4 4. Qc2 O-O 5. a3 Bxc3+ 6. Qxc3 b6 7. Bg5 Bb7 8.
e3 d6 9. Nf3 Nbd7 10. Nd2 Rc8 11. f3 c5 12. e4 h6 13. Be3 1/2-1/2

[Event "Bundesliga 0001"]
[Site "Deutschland"]
[Date "2000.12.10"]
[Round "4.3"]
[White "Bauer, Christian"]
[Black "Kempinski, Robert"]
[Result "0-1"]
[WhiteElo "2562"]
[BlackElo "2498"]
[PlyCount "64"]
[EventDate "2000.10.14"]
[EventType "team"]
[EventRounds "15"]
[EventCountry "GER"]
[SourceTitle "Bundesliga 0001"]
[Source "DeepChess"]
[SourceDate "2005.01.01"]
[SourceVersion "1"]
[SourceVersionDate "2005.01.01"]
[SourceQuality "1"]
[WhiteTeam "TV Tegernsee"]
[BlackTeam "Hamburger SK 1830 e.V."]
[WhiteTeamCountry "GER"]
[BlackTeamCountry "GER"]

1. e4 c5 2. Nf3 d6 3. d4 cxd4 4. Nxd4 Nf6 5. Nc3 a6 6. Bc4 b5 7. Bd5 Nxd5 8.
exd5 Bb7 9. a3 g6 10. Be3 Bg7 11. Qd2 Nd7 12. Bh6 Bxh6 13. Qxh6 Nf6 14. O-O-O
Rc8 15. Rd3 Qc7 16. Re1 Nxd5 17. Qg7 Rf8 18. Ne4 Kd7 19. Ng5 Qc4 20. Nxh7 Rfe8
21. Kd2 Kc7 22. Ng5 Kb8 23. Nxf7 Rg8 24. Qh6 Rgf8 25. Qg7 Rg8 26. Qh6 Rcf8 27.
b3 Qc5 28. Ng5 Rxf2+ 29. Re2 Rxe2+ 30. Nxe2 Rc8 31. Nd4 Nf4 32. b4 Qc4 0-1

[Event "Bundesliga 0001"]
[Site "Deutschland"]
[Date "2000.12.10"]
[Round "4.4"]
[White "Mueller, Karsten"]
[Black "Hertneck, Gerald"]
[Result "1/2-1/2"]
[WhiteElo "2513"]
[BlackElo "2541"]
[PlyCount "102"]
[EventDate "2000.10.14"]
[EventType "team"]
[EventRounds "15"]
[EventCountry "GER"]
[SourceTitle "Bundesliga 0001"]
[Source "DeepChess"]
[SourceDate "2005.01.01"]
[SourceVersion "1"]
[SourceVersionDate "2005.01.01"]
[SourceQuality "1"]
[WhiteTeam "Hamburger SK 1830 e.V."]
[BlackTeam "TV Tegernsee"]
[WhiteTeamCountry "GER"]
[BlackTeamCountry "GER"]

1. d4 Nf6 2. Nf3 d5 3. c4 c6 4. e3 Bf5 5. Nc3 e6 6. Qb3 Qb6 7. c5 Qc7 8. Nh4
Bg6 9. f4 Nbd7 10. Be2 Be7 11. Nxg6 hxg6 12. Bd2 b6 13. cxb6 axb6 14. Qc2 c5
15. Nb5 Qc6 16. O-O Ne4 17. a4 f5 18. dxc5 bxc5 19. Nc3 Nd6 20. Nb5 Kf7 21. Bc3
Ne4 22. Bf3 Nxc3 23. bxc3 Bf6 24. g4 fxg4 25. Bxg4 c4 26. e4 Rh4 27. h3 dxe4
28. Qxe4 Qxe4 29. Nd6+ Ke7 30. Nxe4 Rhh8 31. Rfd1 Rhb8 32. a5 Ra7 33. Ra4 Rb5
34. Rxc4 Rbxa5 35. Rc6 Nf8 36. Nd6 Rd7 37. c4 g5 38. c5 Ra1 39. Rxa1 Bxa1 40.
fxg5 Be5 41. Ne4 Rd4 42. Bf3 Ng6 43. Ra6 Nf4 44. h4 Rd3 45. Ra7+ Kd8 46. Kf2
Bd4+ 47. Kg3 Ng6 48. Nd6 Be5+ 49. Kf2 Bd4+ 50. Kg3 Be5+ 51. Kf2 Bd4+ 1/2-1/2

[Event "Bundesliga 0001"]
[Site "Deutschland"]
[Date "2000.12.10"]
[Round "4.5"]
[White "Stangl, Markus"]
[Black "Gustafsson, Jan"]
[Result "1/2-1/2"]
[WhiteElo "2479"]
[BlackElo "2506"]
[PlyCount "59"]
[EventDate "2000.10.14"]
[EventType "team"]
[EventRounds "15"]
[EventCountry "GER"]
[SourceTitle "Bundesliga 0001"]
[Source "DeepChess"]
[SourceDate "2005.01.01"]
[SourceVersion "1"]
[SourceVersionDate "2005.01.01"]
[SourceQuality "1"]
[WhiteTeam "TV Tegernsee"]
[BlackTeam "Hamburger SK 1830 e.V."]
[WhiteTeamCountry "GER"]
[BlackTeamCountry "GER"]

1. c4 Nf6 2. Nf3 c5 3. Nc3 d5 4. cxd5 Nxd5 5. d4 Nxc3 6. bxc3 g6 7. Bf4 Bg7 8.
e3 Qa5 9. Qd2 O-O 10. Rb1 b6 11. Bd3 Nc6 12. O-O cxd4 13. cxd4 Bb7 14. Be4 Rac8
15. Qxa5 Nxa5 16. Bxb7 Nxb7 17. Rfc1 Rfd8 18. Kf1 e6 19. Ke2 Bf8 20. Bc7 Re8
21. Kd3 Nc5+ 22. dxc5 Rxc7 23. cxb6 Rd8+ 24. Nd4 Rxc1 25. Rxc1 axb6 26. Ke2 Bc5
27. Nb3 Ra8 28. Rc2 Bd6 29. Kd3 Kf8 30. Nd4 1/2-1/2

[Event "Bundesliga 0001"]
[Site "Deutschland"]
[Date "2000.12.10"]
[Round "4.6"]
[White "Heinemann, Thies"]
[Black "Teske, Henrik"]
[Result "1/2-1/2"]
[WhiteElo "2468"]
[BlackElo "2463"]
[PlyCount "78"]
[EventDate "2000.10.14"]
[EventType "team"]
[EventRounds "15"]
[EventCountry "GER"]
[SourceTitle "Bundesliga 0001"]
[Source "DeepChess"]
[SourceDate "2005.01.01"]
[SourceVersion "1"]
[SourceVersionDate "2005.01.01"]
[SourceQuality "1"]
[WhiteTeam "Hamburger SK 1830 e.V."]
[BlackTeam "TV Tegernsee"]
[WhiteTeamCountry "GER"]
[BlackTeamCountry "GER"]

1. e4 c6 2. d4 d5 3. e5 Bf5 4. Nf3 e6 5. Be2 Nd7 6. O-O Ne7 7. Nbd2 c5 8. c4
Nc6 9. cxd5 exd5 10. dxc5 Nxc5 11. Nb3 Nxb3 12. Qxb3 Qd7 13. Be3 Be7 14. Nd4
Nxd4 15. Bxd4 O-O 16. Rad1 Rfd8 17. h3 Rac8 18. Rd2 Bc5 19. Bxc5 Rxc5 20. Rfd1
Qc6 21. Qe3 a5 22. Bf3 h6 23. Kh2 b5 24. Rd4 b4 25. R1d2 Be6 26. Bd1 Rc4 27. f4
Rxd4 28. Rxd4 g6 29. Qd2 h5 30. Bxh5 Kg7 31. Bf3 Qc5 32. g4 Kf8 33. Bg2 Rc8 34.
Qf2 Qc2 35. Rd2 Qb1 36. Bf1 d4 37. Bg2 d3 38. Qd4 Qxa2 39. f5 Qc4 1/2-1/2

[Event "Bundesliga 0001"]
[Site "Deutschland"]
[Date "2000.12.10"]
[Round "4.7"]
[White "Gross, David2"]
[Black "Reeh, Oliver"]
[Result "1/2-1/2"]
[WhiteElo "2484"]
[BlackElo "2420"]
[PlyCount "54"]
[EventDate "2000.10.14"]
[EventType "team"]
[EventRounds "15"]
[EventCountry "GER"]
[SourceTitle "Bundesliga 0001"]
[Source "DeepChess"]
[SourceDate "2005.01.01"]
[SourceVersion "1"]
[SourceVersionDate "2005.01.01"]
[SourceQuality "1"]
[WhiteTeam "TV Tegernsee"]
[BlackTeam "Hamburger SK 1830 e.V."]
[WhiteTeamCountry "GER"]
[BlackTeamCountry "GER"]

1. e4 c5 2. Nf3 Nc6 3. d4 cxd4 4. Nxd4 g6 5. c4 Bg7 6. Be3 Nf6 7. Nc3 O-O 8.
Be2 d6 9. O-O Bd7 10. Qd2 Nxd4 11. Bxd4 Bc6 12. f3 a5 13. b3 Nd7 14. Be3 Nc5
15. Rab1 Qb6 16. Rfc1 Rfc8 17. Rc2 Qd8 18. Bf1 h5 19. Qd1 Qf8 20. Nd5 Bxd5 21.
exd5 Bf6 22. f4 Qg7 23. g3 Re8 24. Bg2 Rab8 25. a4 b6 26. h4 Bc3 27. Kh2 f5
1/2-1/2

[Event "Bundesliga 0001"]
[Site "Deutschland"]
[Date "2000.12.10"]
[Round "4.8"]
[White "Sebastian, Dirk"]
[Black "Pezerovic, Edin"]
[Result "1-0"]
[WhiteElo "2334"]
[BlackElo "2426"]
[PlyCount "123"]
[EventDate "2000.10.14"]
[EventType "team"]
[EventRounds "15"]
[EventCountry "GER"]
[SourceTitle "Bundesliga 0001"]
[Source "DeepChess"]
[SourceDate "2005.01.01"]
[SourceVersion "1"]
[SourceVersionDate "2005.01.01"]
[SourceQuality "1"]
[WhiteTeam "Hamburger SK 1830 e.V."]
[BlackTeam "TV Tegernsee"]
[WhiteTeamCountry "GER"]
[BlackTeamCountry "GER"]

1. e4 c6 2. d4 d5 3. e5 Bf5 4. Nf3 e6 5. Be2 Nd7 6. O-O Bg6 7. Nbd2 Nh6 8. Re1
Nf5 9. Nf1 Be7 10. Ne3 O-O 11. c3 c5 12. Nxf5 Bxf5 13. Be3 c4 14. b3 b5 15. a4
a6 16. h3 Qc7 17. Nh2 b4 18. bxc4 dxc4 19. cxb4 Bxb4 20. Rf1 Nb6 21. Qc1 Rfc8
22. Ng4 Nd5 23. Bf3 Rab8 24. Bh6 Bf8 25. Bxd5 exd5 26. Qg5 Bxg4 27. Qxg4 Qc6
28. Be3 Rb6 29. h4 Qe6 30. Qf3 c3 31. Bg5 Rb4 32. Rfc1 c2 33. Qd3 Rbc4 34. Ra2
Rc3 35. Qe2 Ba3 36. Rcxc2 Qb6 37. Rxc3 Rxc3 38. Rd2 h6 39. Be3 Rc4 40. Kh2 Rxa4
41. Rc2 Qe6 42. Rc7 Bf8 43. Ra7 Qb6 44. Rd7 Qe6 45. Ra7 Rc4 46. Qf3 Rc8 47. Qe2
Rc6 48. Qa2 Be7 49. Ra8+ Kh7 50. Qb1+ Qg6 51. Qb8 Qh5 52. Qh8+ Kg6 53. Rg8 Kf5
54. Qxg7 Ke6 55. Rh8 Kd7 56. Qg8 Qxh4+ 57. Kg1 Bd8 58. Qxf7+ Qe7 59. Qxd5+ Kc7
60. Qe4 Qb4 61. Rxd8 Qa4 62. Qh4 1-0

[Event "Bundesliga 0001"]
[Site "Deutschland"]
[Date "2000.12.10"]
[Round "4.2"]
[White "Hodgson, Julian M"]
[Black "Bischoff, Klaus"]
[Result "1/2-1/2"]
[WhiteElo "2640"]
[BlackElo "2556"]
[PlyCount "56"]
[EventDate "2000.10.14"]
[EventType "team"]
[EventRounds "15"]
[EventCountry "GER"]
[SourceTitle "Bundesliga 0001"]
[Source "DeepChess"]
[SourceDate "2005.01.01"]
[SourceVersion "1"]
[SourceVersionDate "2005.01.01"]
[SourceQuality "1"]
[WhiteTeam "Luebecker SV von 1873 "]
[BlackTeam "SK Koenig Plauen"]
[WhiteTeamCountry "GER"]
[BlackTeamCountry "GER"]

1. d4 e6 2. e4 d5 3. e5 c5 4. Nf3 cxd4 5. Bd3 Ne7 6. O-O Nec6 7. Bf4 Be7 8.
Nbd2 Nd7 9. Nb3 g5 10. Bg3 Qb6 11. h3 h5 12. Re1 Rg8 13. a4 a6 14. a5 Qa7 15.
Nfd2 g4 16. hxg4 hxg4 17. c4 Nf8 18. f4 gxf3 19. Qxf3 Bd7 20. Rac1 Bg5 21. Bf4
Bxf4 22. Qxf4 Ng6 23. Bxg6 Rxg6 24. cxd5 exd5 25. Nc5 d3 26. Re3 Be6 27. Qh4
Ne7 28. Qf2 Rc8 1/2-1/2

[Event "Bundesliga 0001"]
[Site "Deutschland"]
[Date "2000.12.10"]
[Round "4.3"]
[White "Boensch, Uwe"]
[Black "Agdestein, Simen"]
[Result "0-1"]
[WhiteElo "2558"]
[BlackElo "2590"]
[PlyCount "80"]
[EventDate "2000.10.14"]
[EventType "team"]
[EventRounds "15"]
[EventCountry "GER"]
[SourceTitle "Bundesliga 0001"]
[Source "DeepChess"]
[SourceDate "2005.01.01"]
[SourceVersion "1"]
[SourceVersionDate "2005.01.01"]
[SourceQuality "1"]
[WhiteTeam "SK Koenig Plauen"]
[BlackTeam "Luebecker SV von 1873 "]
[WhiteTeamCountry "GER"]
[BlackTeamCountry "GER"]

1. d4 Nf6 2. c4 e6 3. Nf3 b6 4. g3 Ba6 5. Nbd2 Bb4 6. Qc2 Bb7 7. Bg2 Be4 8. Qd1
Bxd2+ 9. Qxd2 d5 10. b3 dxc4 11. bxc4 c5 12. O-O cxd4 13. Ba3 Nc6 14. Qg5 Rg8
15. Rfd1 h6 16. Qb5 a6 17. Qb2 Qc7 18. Rd3 e5 19. Rb1 Rb8 20. Rc1 Bxd3 21. exd3
Nd7 22. Re1 Kd8 23. Qe2 Nc5 24. Nd2 f6 25. Nb3 Nxb3 26. axb3 a5 27. c5 bxc5 28.
Bxc5 Nb4 29. Bxb4 Rxb4 30. Bd5 Re8 31. Qe4 Kc8 32. Ra1 Kb8 33. h4 Rd8 34. Bc4
Rd6 35. Qg6 Ka7 36. Qe8 Rd8 37. Qe6 Rd6 38. Rxa5+ Kb7 39. Bd5+ Kb6 40. Qe8 Kxa5
0-1

[Event "Bundesliga 0001"]
[Site "Deutschland"]
[Date "2000.12.10"]
[Round "4.4"]
[White "De Firmian, Nick E"]
[Black "Kindermann, Stefan"]
[Result "0-1"]
[WhiteElo "2567"]
[BlackElo "2519"]
[PlyCount "84"]
[EventDate "2000.10.14"]
[EventType "team"]
[EventRounds "15"]
[EventCountry "GER"]
[SourceTitle "Bundesliga 0001"]
[Source "DeepChess"]
[SourceDate "2005.01.01"]
[SourceVersion "1"]
[SourceVersionDate "2005.01.01"]
[SourceQuality "1"]
[WhiteTeam "Luebecker SV von 1873 "]
[BlackTeam "SK Koenig Plauen"]
[WhiteTeamCountry "GER"]
[BlackTeamCountry "GER"]

1. e4 e6 2. d4 d5 3. Nc3 Bb4 4. e5 c5 5. a3 Bxc3+ 6. bxc3 Ne7 7. Nf3 Qc7 8. h4
b6 9. h5 h6 10. Bb5+ Bd7 11. Bd3 Ba4 12. O-O Nd7 13. Be3 c4 14. Be2 O-O-O 15.
Qd2 Rdf8 16. Bf4 Qd8 17. Rac1 f6 18. Nh4 fxe5 19. dxe5 Nc5 20. Bg4 Kb7 21. g3
Be8 22. Be3 Ne4 23. Qe1 g5 24. hxg6 Nxg6 25. Nxg6 Bxg6 26. Bxe6 Bf5 27. Bxf5
Rxf5 28. Qd1 Rg8 29. Kg2 Rxe5 30. Qd4 Rf5 31. Rh1 h5 32. Rcd1 Rg4 33. Rde1 Qg8
34. Rh3 Nxf2 35. Bxf2 Rxd4 36. Bxd4 Qg4 37. Rh4 Qf3+ 38. Kh2 Rg5 39. Rg1 Ka6
40. Rg2 Rg4 41. Rh3 Re4 42. Rf2 Re2 0-1

[Event "Bundesliga 0001"]
[Site "Deutschland"]
[Date "2000.12.10"]
[Round "4.6"]
[White "Hansen, Lars Bo"]
[Black "Schaller, Sven"]
[Result "1-0"]
[WhiteElo "2562"]
[BlackElo "2334"]
[PlyCount "81"]
[EventDate "2000.10.14"]
[EventType "team"]
[EventRounds "15"]
[EventCountry "GER"]
[SourceTitle "Bundesliga 0001"]
[Source "DeepChess"]
[SourceDate "2005.01.01"]
[SourceVersion "1"]
[SourceVersionDate "2005.01.01"]
[SourceQuality "1"]
[WhiteTeam "Luebecker SV von 1873 "]
[BlackTeam "SK Koenig Plauen"]
[WhiteTeamCountry "GER"]
[BlackTeamCountry "GER"]

1. d4 Nf6 2. Nf3 d6 3. g3 c6 4. Bg2 g6 5. b3 Bg7 6. Bb2 Bg4 7. Nbd2 a5 8. a4
O-O 9. h3 Bxf3 10. exf3 Nbd7 11. O-O d5 12. Qe2 Re8 13. f4 e6 14. Nf3 Qb8 15.
Rfc1 Qa7 16. c4 Nb8 17. Ne5 Nfd7 18. h4 Nxe5 19. fxe5 Na6 20. cxd5 exd5 21. h5
Nc7 22. Qe3 Rad8 23. Bh3 f6 24. hxg6 hxg6 25. Qd3 Kf7 26. Re1 fxe5 27. dxe5 Ne6
28. Re3 Kg8 29. Qxg6 Nf8 30. Qh5 d4 31. e6 Re7 32. Rf3 Rd5 33. Rf5 Rxf5 34.
Bxf5 b6 35. Re1 c5 36. Bc1 Bf6 37. Bg5 Bxg5 38. Qxg5+ Rg7 39. Qxg7+ Qxg7 40. e7
d3 41. e8=Q 1-0

[Event "Bundesliga 0001"]
[Site "Deutschland"]
[Date "2000.12.10"]
[Round "4.8"]
[White "Mortensen, Erling"]
[Black "Kuraszkiewicz, Michael"]
[Result "1/2-1/2"]
[WhiteElo "2438"]
[BlackElo "2309"]
[PlyCount "81"]
[EventDate "2000.10.14"]
[EventType "team"]
[EventRounds "15"]
[EventCountry "GER"]
[SourceTitle "Bundesliga 0001"]
[Source "DeepChess"]
[SourceDate "2005.01.01"]
[SourceVersion "1"]
[SourceVersionDate "2005.01.01"]
[SourceQuality "1"]
[WhiteTeam "Luebecker SV von 1873 "]
[BlackTeam "SK Koenig Plauen"]
[WhiteTeamCountry "GER"]
[BlackTeamCountry "GER"]

1. e4 e6 2. d4 d5 3. Nc3 Nf6 4. e5 Nfd7 5. Nce2 c5 6. c3 Nc6 7. f4 Qb6 8. Nf3
Be7 9. h4 f6 10. Rh3 cxd4 11. cxd4 O-O 12. a3 Qd8 13. Nc3 Nb6 14. Bd3 f5 15. h5
Bd7 16. Kf2 Na5 17. b3 a6 18. Bd2 Nc6 19. Ne2 a5 20. a4 Nb4 21. Bxb4 axb4 22.
Qg1 Nc8 23. g4 Kh8 24. Qg2 Rf7 25. Rg1 Na7 26. Rg3 Qg8 27. gxf5 exf5 28. Ng5
Bxg5 29. Rxg5 Be6 30. Qh3 Nc6 31. Ke3 Ne7 32. Rc1 Rc8 33. Rgg1 Nc6 34. Rc5 b6
35. Rcc1 Na5 36. Rxc8 Bxc8 37. Rb1 Qd8 38. Qh1 Be6 39. Qe1 Qe7 40. Ng1 Rf8 41.
Ne2 1/2-1/2

[Event "Bundesliga 0001"]
[Site "Deutschland"]
[Date "2000.12.10"]
[Round "4.2"]
[White "Muse, Mladen"]
[Black "Babula, Vlastimil"]
[Result "1/2-1/2"]
[WhiteElo "2510"]
[BlackElo "2582"]
[PlyCount "46"]
[EventDate "2000.10.14"]
[EventType "team"]
[EventRounds "15"]
[EventCountry "GER"]
[SourceTitle "Bundesliga 0001"]
[Source "DeepChess"]
[SourceDate "2005.01.01"]
[SourceVersion "1"]
[SourceVersionDate "2005.01.01"]
[SourceQuality "1"]
[WhiteTeam "SK Koenig Tegel 1949 e.V. "]
[BlackTeam "SAbt SV Werder Bremen"]
[WhiteTeamCountry "GER"]
[BlackTeamCountry "GER"]

1. d4 Nf6 2. Nf3 g6 3. Bg5 Bg7 4. c3 d6 5. Nbd2 h6 6. Bh4 O-O 7. e4 c5 8. dxc5
dxc5 9. Qc2 Nh5 10. a4 Nc6 11. Bc4 Qc7 12. Nb3 Bg4 13. Bg3 Nxg3 14. hxg3 Rad8
15. O-O b6 16. Rfe1 h5 17. Nbd2 Na5 18. Be2 c4 19. Nf1 Nb3 20. Ra3 Na5 21. Raa1
Nb3 22. Ra3 Na5 23. Raa1 Nb3 1/2-1/2

[Event "Bundesliga 0001"]
[Site "Deutschland"]
[Date "2000.12.10"]
[Round "4.3"]
[White "Schandorff, Lars"]
[Black "Paulsen, Dirk"]
[Result "1-0"]
[WhiteElo "2520"]
[BlackElo "2431"]
[PlyCount "107"]
[EventDate "2000.10.14"]
[EventType "team"]
[EventRounds "15"]
[EventCountry "GER"]
[SourceTitle "Bundesliga 0001"]
[Source "DeepChess"]
[SourceDate "2005.01.01"]
[SourceVersion "1"]
[SourceVersionDate "2005.01.01"]
[SourceQuality "1"]
[WhiteTeam "SAbt SV Werder Bremen"]
[BlackTeam "SK Koenig Tegel 1949 e.V. "]
[WhiteTeamCountry "GER"]
[BlackTeamCountry "GER"]

1. Nf3 Nf6 2. c4 e6 3. Nc3 Bb4 4. Qc2 O-O 5. a3 Bxc3 6. Qxc3 b6 7. b4 Bb7 8.
Bb2 d6 9. g3 Nbd7 10. Bg2 e5 11. O-O Re8 12. d3 c5 13. e4 Nf8 14. Nh4 Ne6 15.
Qd2 Nh5 16. Nf5 g6 17. Nh6+ Kg7 18. Bf3 Qg5 19. Qxg5 Nxg5 20. Bxh5 Kxh6 21. Be2
Ne6 22. Bg4 Nd4 23. Bxd4 exd4 24. f4 Kg7 25. Rf2 Re7 26. f5 f6 27. fxg6 hxg6
28. Raf1 Rf8 29. b5 Re5 30. a4 Rg5 31. Bd7 Re5 32. Bg4 f5 33. exf5 gxf5 34.
Bxf5 d5 35. Rf4 dxc4 36. dxc4 Re2 37. Rg4+ Kh8 38. Rh4+ Kg8 39. Rg4+ Kh8 40.
Rh4+ Kg8 41. Be6+ Rxe6 42. Rg4+ Kh7 43. Rxf8 Be4 44. Rf7+ Kh6 45. Rxa7 Bd3 46.
Rf4 Bxc4 47. a5 Bxb5 48. axb6 d3 49. b7 d2 50. Ra1 Re1+ 51. Kg2 Bc6+ 52. Kf2
Rxa1 53. b8=Q Rf1+ 54. Ke3 1-0

[Event "Bundesliga 0001"]
[Site "Deutschland"]
[Date "2000.12.10"]
[Round "4.5"]
[White "Knaak, Rainer"]
[Black "Von Herman, Ulf"]
[Result "1-0"]
[WhiteElo "2513"]
[BlackElo "2357"]
[PlyCount "57"]
[EventDate "2000.10.14"]
[EventType "team"]
[EventRounds "15"]
[EventCountry "GER"]
[SourceTitle "Bundesliga 0001"]
[Source "DeepChess"]
[SourceDate "2005.01.01"]
[SourceVersion "1"]
[SourceVersionDate "2005.01.01"]
[SourceQuality "1"]
[WhiteTeam "SAbt SV Werder Bremen"]
[BlackTeam "SK Koenig Tegel 1949 e.V. "]
[WhiteTeamCountry "GER"]
[BlackTeamCountry "GER"]

1. d4 d5 2. c4 c6 3. Nf3 Nf6 4. Nc3 a6 5. c5 Bf5 6. Bf4 Nbd7 7. h3 e6 8. e3 Be7
9. Bd3 Bxd3 10. Qxd3 Qc8 11. O-O O-O 12. Rfe1 b6 13. cxb6 c5 14. dxc5 Bxc5 15.
Na4 Qb7 16. Nxc5 Nxc5 17. Qd4 Rfc8 18. Rec1 Qxb6 19. Rc2 Ncd7 20. Rac1 Rxc2 21.
Rxc2 Qa5 22. b3 Qa3 23. Qc3 Re8 24. Ne5 h6 25. Nxd7 Nxd7 26. Qc6 Nf6 27. Be5
Rd8 28. Qb6 Re8 29. Bd6 1-0